000 00677nam a2200229Ia 4500
005 20250508165904.0
008 008 250505s9999 xx 000 0 eng d
020 _a978-1-138-23519-9
037 _aReference
040 _aFEDL
_beng
_cFEDL
041 _aeng
_2eng
084 _a370.712, CAH/RR
_qFEDL
100 _aCahnmann- Taylor Melisa Ed.
_9782322
245 0 _aArts- based research in education: Foundations for practice
250 _a2
260 _aLondon, UK
_bRoutledge
_c2018
300 _axvi, 273p.
365 _aGBP
_b43.99
700 _a Siegesmund Richard Ed.
_9782323
942 _cREF
_h370.712, CAH/RR
999 _c1398019
_d1398019